| 000 | 00716nam a2200277Ia 4500 | ||
|---|---|---|---|
| 008 | 210210b1988 xxu||||| |||| 00| 0 eng d | ||
| 082 | _a591.5 ILLU | ||
| 100 | _a- | ||
| 245 |
_aILLUSTRATED ENCYCLOPAEDIA of wildlife. 52V: V29: Reptiles/Amphibians. _bCrocodilians Caecilians Salamanders Newts |
||
| 260 |
_aLondon _bOrbis Publishing Ltd., _c1988 |
||
| 300 | _a1681-1740 | ||
| 440 | _a29 | ||
| 650 | _awildlife. | ||
| 650 | _aV29: | ||
| 650 | _aSalamanders | ||
| 650 | _aReptiles/Amphibians. | ||
| 650 | _aof | ||
| 650 | _aNewts | ||
| 650 | _aILLUSTRATED | ||
| 650 | _aENCYCLOPAEDIA | ||
| 650 | _aCrocodilians | ||
| 650 | _aCaecilians | ||
| 650 | _a51V: | ||
| 690 | _aZoology | ||
| 906 | _a055119 | ||
| 999 |
_c102965 _d102965 |
||